[Event "Millionaire Chess Op 2015"]
[Site "Las Vegas USA"]
[Date "2015.10.08"]
[Round "1.1"]
[White "Gauri, Shankar"]
[Black "Nakamura, Hikaru"]
[Result "0-1"]
[WhiteTitle "FM"]
[BlackTitle "GM"]
[WhiteElo "2355"]
[BlackElo "2816"]
[WhiteFideId "5041350"]
[BlackFideId "2016192"]
[EventDate "2015.10.08"]

1. e4 c5 2. Nf3 e6 3. g3 Nc6 4. Bg2 d5 5. exd5 exd5 6. O-O Nf6 7. d4 Be7 8. dxc5
Bxc5 9. Nc3 O-O 10. a3 Be6 11. b4 Be7 12. Bb2 Ne8 13. Ne2 Bf6 14. Bxf6 Qxf6 15.
Nf4 Nc7 16. Qd2 Rad8 17. a4 Bg4 18. h3 Bxf3 19. Bxf3 Ne6 20. Nxe6 fxe6 21. Bg2
Qd4 22. Qe2 Rf6 23. b5 Na5 24. Qd3 Qxd3 25. cxd3 Nb3 26. Ra2 Rc8 27. Re1 g5 28.
Rb1 Nd4 29. Rb4 Rc1+ 30. Kh2 Nc2 31. Rg4 h6 32. f3 Kf7 33. h4 Ne3 34. Rb4 Rd1
35. Rb3 gxh4 36. g4 d4 37. Re2 e5 38. a5 Rf4 39. a6 b6 40. Ra3 Kf6 41. Rb3 Kg5
42. Rf2 Nxg4+ 0-1

[Event "Millionaire Chess Op 2015"]
[Site "Las Vegas USA"]
[Date "2015.10.08"]
[Round "1.2"]
[White "Caruana, Fabiano"]
[Black "Inants, Aghasi"]
[Result "1-0"]
[WhiteTitle "GM"]
[BlackTitle "FM"]
[WhiteElo "2796"]
[BlackElo "2332"]
[WhiteFideId "2020009"]
[BlackFideId "13303295"]
[EventDate "2015.10.08"]

1. e4 c5 2. Nf3 Nf6 3. Nc3 d5 4. exd5 Nxd5 5. Nxd5 Qxd5 6. b3 Nc6 7. Bb2 Nd4 8.
Bxd4 cxd4 9. Bc4 Qe4+ 10. Kf1 e6 11. Bd3 Qd5 12. Qe2 Bc5 13. h4 O-O 14. Re1 h6
15. h5 Rd8 16. Bc4 Qf5 17. Bd3 Qd5 18. Be4 Qd6 19. Rh4 Bd7 20. Ne5 Qe7 21. g3
Be8 22. Bd3 Rab8 23. Qe4 f5 24. Qe2 Qf6 25. Bb5 d3 26. Bxd3 b5 27. Ng6 Rb6 28.
Qe5 Qxe5 29. Nxe5 Be7 30. Rh2 Bf6 31. f4 Rbd6 32. Re3 Rc8 33. Ng6 a5 34. Rhe2
Bd7 35. Kg2 a4 36. g4 fxg4 37. Kg3 axb3 38. axb3 Kf7 39. Kxg4 Rd4 40. Ne5+ Bxe5
41. Rxe5 Rd5 42. Rxd5 exd5+ 43. Kf3 Kf6 44. Re5 Bc6 45. Ke3 Ra8 46. Kd4 1-0

[Event "Millionaire Chess Op 2015"]
[Site "Las Vegas USA"]
[Date "2015.10.08"]
[Round "1.3"]
[White "Hernandez, Albert"]
[Black "So, Wesley"]
[Result "0-1"]
[BlackTitle "GM"]
[WhiteElo "2327"]
[BlackElo "2760"]
[WhiteFideId "2022745"]
[BlackFideId "5202213"]
[EventDate "2015.10.08"]

1. d4 Nf6 2. c4 g6 3. Nc3 d5 4. Nf3 Bg7 5. Bg5 Ne4 6. Qc1 c5 7. Nxd5 Nc6 8. Qf4
Qa5+ 9. b4 Nxb4 10. Nc7+ Kd7 11. Nd2 Nxg5 12. Nxa8 Ne6 13. Qg3 Nc2+ 14. Kd1 Nxa1
15. d5 Qa4+ 16. Nb3 Rd8 17. Ke1 Nc2+ 18. Kd2 Qxa2 19. Nc1 Qb2 20. dxe6+ Kxe6+
21. Nd3 Bc3+ 0-1

[Event "Millionaire Chess Op 2015"]
[Site "Las Vegas USA"]
[Date "2015.10.08"]
[Round "1.4"]
[White "Le, Quang Liem"]
[Black "Boekhoff, Andrew"]
[Result "1-0"]
[WhiteTitle "GM"]
[BlackTitle "FM"]
[WhiteElo "2697"]
[BlackElo "2312"]
[WhiteFideId "12401137"]
[BlackFideId "2024292"]
[EventDate "2015.10.08"]

1. d4 d5 2. c4 c6 3. Nc3 Nf6 4. e3 e6 5. b3 Bb4 6. Bb2 Ne4 7. Ne2 Qh4 8. g3 Qf6
9. f4 Qg6 10. Bg2 Nd7 11. a3 Bxc3+ 12. Nxc3 Nd6 13. a4 Nf6 14. Ba3 Nf5 15. Qd2
Ng4 16. e4 dxe4 17. Bxe4 Bd7 18. h3 Nf6 19. g4 O-O-O 20. O-O-O Nxe4 21. Nxe4 Nh6
22. Qa5 c5 23. Nd6+ Kb8 24. Bxc5 a6 25. Nxb7 1-0

[Event "Millionaire Chess Op 2015"]
[Site "Las Vegas USA"]
[Date "2015.10.08"]
[Round "1.5"]
[White "Bunyatov, Rustam"]
[Black "Kamsky, Gata"]
[Result "0-1"]
[WhiteTitle "CM"]
[BlackTitle "GM"]
[WhiteElo "2342"]
[BlackElo "2680"]
[WhiteFideId "13410210"]
[BlackFideId "2000024"]
[EventDate "2015.10.08"]

1. e4 c5 2. Nf3 e6 3. g3 Nc6 4. Bg2 Nf6 5. d3 Be7 6. Qe2 O-O 7. O-O b6 8. e5 Ne8
9. Nc3 Bb7 10. Ne4 d6 11. exd6 Nxd6 12. Nxd6 Qxd6 13. Re1 Rad8 14. Bf4 Qd5 15.
Qf1 Nb4 16. Re2 Qd7 17. Ne5 Qc8 18. Bxb7 Qxb7 19. Qg2 Qc8 20. a3 Nd5 21. Bd2 Bf6
22. Rae1 Ne7 23. Bc3 Rd5 24. a4 Nf5 25. b3 Rfd8 26. Ba1 Nd4 27. Bxd4 cxd4 28. f4
Qc7 29. Nf3 a6 30. h3 g6 31. Kh2 Rc5 32. Rf1 Rc8 33. Rff2 b5 34. axb5 axb5 35.
Ne1 Rc6 36. Qe4 Ra6 37. Nf3 Rd8 38. Ne5 Rd5 39. Nf3 Bg7 40. Ne1 h6 41. Rg2 Rc5
42. Rgf2 Rd5 43. Rg2 Bf8 44. Ref2 Ra1 45. Nf3 Bg7 46. Re2 Rc1 47. Rgf2 Kh7 48.
Ng1 Rc5 49. Qg2 Bf6 50. Nf3 Kg7 51. Rd2 g5 52. fxg5 hxg5 53. Rde2 Qc6 54. Ne1
Qd7 55. Qe4 Re5 56. Qf3 Rf5 57. Qe4 Rxe1 0-1

[Event "Millionaire Chess Op 2015"]
[Site "Las Vegas USA"]
[Date "2015.10.08"]
[Round "1.6"]
[White "Robson, Ray"]
[Black "Nasri, Amin"]
[Result "1-0"]
[WhiteTitle "GM"]
[WhiteElo "2680"]
[BlackElo "2284"]
[WhiteFideId "2023970"]
[BlackFideId "12501972"]
[EventDate "2015.10.08"]

1. e4 e5 2. Nf3 Nc6 3. Bb5 a6 4. Ba4 Nf6 5. O-O d6 6. c3 Bd7 7. Re1 g6 8. d4 b5
9. Bc2 Bg7 10. Nbd2 O-O 11. Nf1 exd4 12. Nxd4 Qc8 13. a3 Qb7 14. Nxc6 Bxc6 15.
f3 Rfe8 16. Bd2 Re7 17. Bg5 h6 18. Bh4 Rae8 19. Ne3 d5 20. exd5 Bxd5 21. Qd4 Re6
22. Nxd5 Nxd5 23. Qd2 Ne3 24. Be4 Nc4 25. Bxb7 Nxd2 26. Bxa6 Rb8 27. Rxe6 fxe6
28. Bg3 e5 29. Rd1 Nc4 30. Rd7 Nxb2 31. Rxc7 Na4 1-0

[Event "Millionaire Chess Op 2015"]
[Site "Las Vegas USA"]
[Date "2015.10.08"]
[Round "1.7"]
[White "Rojas Sepulveda, Eduardo"]
[Black "McShane, Luke J"]
[Result "0-1"]
[WhiteTitle "FM"]
[BlackTitle "GM"]
[WhiteElo "2304"]
[BlackElo "2674"]
[WhiteFideId "3400166"]
[BlackFideId "404853"]
[EventDate "2015.10.08"]

1. d4 Nf6 2. c4 g6 3. Nf3 Bg7 4. Nc3 O-O 5. Bg5 c5 6. e3 cxd4 7. exd4 d5 8. Be2
Ne4 9. Be3 Nxc3 10. bxc3 dxc4 11. Bxc4 Qc7 12. Nd2 Nd7 13. Rc1 Nf6 14. h3 b6 15.
O-O Bb7 16. Re1 e6 17. Bf1 Nd5 18. Bg5 Rac8 19. c4 Nf6 20. Qb3 Rfd8 21. Qe3 Rd7
22. Bf4 Qd8 23. Nb3 Ne4 24. f3 Nd6 25. g4 Ne8 26. Red1 Bf8 27. Be2 Qh4 28. Kg2
Bd6 29. a4 Bxf4 30. Qxf4 Bc6 31. Ra1 Qe7 32. Qd2 Nd6 33. Qb4 Nxc4 34. Qxe7 Ne3+
35. Kg3 Rxe7 36. Rdc1 Rcc7 37. a5 Bd5 38. axb6 axb6 39. Nd2 Nc2 0-1

[Event "Millionaire Chess Op 2015"]
[Site "Las Vegas USA"]
[Date "2015.10.08"]
[Round "1.8"]
[White "Bareev, Evgeny"]
[Black "Boor, Carl Brandon"]
[Result "1-0"]
[WhiteTitle "GM"]
[BlackTitle "FM"]
[WhiteElo "2669"]
[BlackElo "2298"]
[WhiteFideId "4100140"]
[BlackFideId "2017008"]
[EventDate "2015.10.08"]

1. Nf3 Nf6 2. g3 d5 3. Bg2 c6 4. O-O Bg4 5. d3 Nbd7 6. Nbd2 h6 7. h3 Bh5 8. e4
e6 9. Qe2 Bc5 10. b3 O-O 11. Bb2 Qc7 12. Kh1 Rfe8 13. e5 Nh7 14. g4 Bg6 15. Nh4
Nhf8 16. f4 Be7 17. Ndf3 Bh7 18. g5 hxg5 19. Nxg5 Bxg5 20. fxg5 Ng6 21. Nxg6
Bxg6 22. h4 Bf5 23. h5 g6 24. Bf3 Nf8 25. Qh2 c5 26. Kg2 Nh7 27. Qh4 Rad8 28.
Rf2 Re7 29. Rd1 Red7 30. Qf4 Qa5 31. a3 Rc8 32. Kg3 Qd8 33. Bc1 Rcc7 34. Rh2 b5
35. Bg4 Nf8 36. Bd2 Rb7 37. Rdh1 Qe8 38. b4 c4 39. Be3 d4 40. Bxd4 Rxd4 41. Qxd4
Rd7 42. Qf4 cxd3 43. hxg6 Nxg6 44. Bxf5 exf5 45. Qxf5 Qxe5+ 46. Qxe5 Nxe5 47.
Kf4 Re7 48. Rh8+ Kg7 49. Kf5 1-0

[Event "Millionaire Chess Op 2015"]
[Site "Las Vegas USA"]
[Date "2015.10.08"]
[Round "1.9"]
[White "Stewart, William John"]
[Black "Najer, Evgeniy"]
[Result "0-1"]
[WhiteTitle "FM"]
[BlackTitle "GM"]
[WhiteElo "2297"]
[BlackElo "2658"]
[WhiteFideId "2036762"]
[BlackFideId "4118987"]
[EventDate "2015.10.08"]

1. e4 c5 2. Nf3 e6 3. d4 cxd4 4. Nxd4 Nc6 5. Nxc6 bxc6 6. Bd3 Nf6 7. Nd2 d5 8.
Qe2 Be7 9. O-O O-O 10. Rd1 a5 11. Nf3 Bb7 12. c4 Nd7 13. Be3 Qb8 14. Rac1 Rd8
15. cxd5 cxd5 16. exd5 Bxd5 17. Bc4 Nf6 18. Nd4 Qb7 19. Bxd5 Rxd5 20. Nc6 Bf8
21. Bd4 Nd7 22. Ne5 Rd8 23. Nc4 Qb5 24. b3 a4 25. Qc2 axb3 26. axb3 Nb8 27. Be3
Nc6 28. h3 Nb4 29. Qe2 h6 30. Rb1 Nc6 31. Qc2 Rb8 32. Rd2 Rbd8 33. Rdd1 Be7 34.
Nb6 Rxd1+ 35. Rxd1 Rb8 36. Rc1 Nb4 37. Qc7 Re8 38. Qc4 Qxc4 39. bxc4 Nc6 40. Kf1
f6 41. Ke2 Kf7 42. Rd1 Rd8 43. Rxd8 Bxd8 44. c5 Ke8 45. Kd3 Be7 46. Kc4 Kd8 47.
Kb5 Kc7 48. h4 h5 49. f3 Kb7 50. Bf2 Na7+ 51. Kb4 Kc6 52. Nc4 e5 53. Nd2 Kd5 54.
Ne4 Nc6+ 55. Kb5 Nd4+ 56. Kb4 f5 57. Nc3+ Kc6 58. Na4 Ne6 59. Kc4 g6 60. g3 g5
61. g4 gxh4 62. gxh5 h3 63. Bg3 f4 64. Bh2 Ng5 65. Nc3 Nxf3 66. Nd5 Bg5 67. Nb4+
Kc7 68. Nd3 Nxh2 69. Nf2 Kc6 70. Kd3 Bh6 71. Ke4 Kxc5 72. Nxh3 f3 73. Kxe5 Kc4
74. Ke4 Kc3 75. Kf5 Kd2 76. Kg6 Ng4 77. Kf5 Nh2 78. Kg6 Ng4 79. Kf5 f2 80. Nxf2
Nxf2 81. Kg6 Be3 82. h6 Ke2 83. h7 Bd4 84. Kf7 Ng4 85. Kg8 Nh6+ 86. Kf8 Bh8 87.
Ke7 Kf3 0-1

[Event "Millionaire Chess Op 2015"]
[Site "Las Vegas USA"]
[Date "2015.10.08"]
[Round "1.10"]
[White "Panchanatham, Vignesh"]
[Black "Akobian, Varuzhan"]
[Result "1-0"]
[WhiteTitle "FM"]
[BlackTitle "GM"]
[WhiteElo "2278"]
[BlackElo "2634"]
[WhiteFideId "2060523"]
[BlackFideId "13300580"]
[EventDate "2015.10.08"]

1. d4 Nf6 2. c4 e6 3. Nf3 d5 4. Nc3 Be7 5. cxd5 exd5 6. Bg5 c6 7. Qc2 O-O 8. e3
Ne4 9. Nxe4 dxe4 10. Bxe7 Qxe7 11. Nd2 Bf5 12. Be2 Nd7 13. b4 Rfe8 14. Rb1 Rac8
15. a4 Qh4 16. h3 h5 17. g3 Qg5 18. Nc4 Re6 19. Qd1 Nf6 20. b5 Nd5 21. Qb3 c5
22. Rd1 Nb4 23. d5 Rf6 24. h4 Qh6 25. Qc3 Re8 26. O-O Bh3 27. d6 Bxf1 28. Bxf1
b6 29. d7 Rd8 30. Qe5 Re6 31. Qc7 Qf6 32. Qxa7 g6 33. Qc7 Kh7 34. a5 bxa5 35.
Nxa5 Nd3 36. Bxd3 Rd6 37. Be2 R8xd7 38. Rxd6 Rxd6 39. Nc4 Qa1+ 40. Kg2 Rf6 41.
Qe7 Kg7 42. Nd6 1-0

[Event "Millionaire Chess Op 2015"]
[Site "Las Vegas USA"]
[Date "2015.10.08"]
[Round "1.11"]
[White "Zhang, Xiaopeng"]
[Black "Nyzhnyk, Illya"]
[Result "1/2-1/2"]
[BlackTitle "GM"]
[WhiteElo "2279"]
[BlackElo "2628"]
[WhiteFideId "8604037"]
[BlackFideId "14118084"]
[EventDate "2015.10.08"]

1. e4 e6 2. d3 c5 3. Nf3 Nc6 4. g3 g6 5. Bg2 Bg7 6. O-O Nf6 7. Nc3 O-O 8. Be3
Qa5 9. Nd2 Qd8 10. Bxc5 d6 11. Be3 Re8 12. d4 Ng4 13. Qxg4 e5 14. Qd1 exd4 15.
Bxd4 Nxd4 16. Nb3 Nc6 17. Rb1 Be6 18. Nd5 Rc8 19. c3 Na5 20. Nxa5 Qxa5 21. Qb3
Bxd5 1/2-1/2

[Event "Millionaire Chess Op 2015"]
[Site "Las Vegas USA"]
[Date "2015.10.08"]
[Round "1.12"]
[White "Durarbayli, Vasif"]
[Black "Wanyama, Harold"]
[Result "1-0"]
[WhiteTitle "GM"]
[BlackTitle "FM"]
[WhiteElo "2618"]
[BlackElo "2273"]
[WhiteFideId "13402935"]
[BlackFideId "10000380"]
[EventDate "2015.10.08"]

1. e4 c5 2. Nf3 e6 3. d4 cxd4 4. Nxd4 Nf6 5. Nc3 Nc6 6. Nxc6 dxc6 7. Qxd8+ Kxd8
8. e5 Nd7 9. Bf4 Bb4 10. O-O-O Bxc3 11. bxc3 Kc7 12. h4 b6 13. Rh3 Bb7 14. Rg3
g6 15. Rgd3 Nc5 16. Rf3 Nd7 17. Bh6 f5 18. exf6 c5 19. Re3 e5 20. Bb5 Nxf6 21.
Rxe5 Rad8 22. Rxd8 Rxd8 23. Bg5 Rf8 24. Re7+ Kb8 25. Bxf6 Rxf6 26. f3 h5 27. Bd3
Bd5 28. c4 Bc6 29. Rg7 Rf4 30. Rxg6 Kb7 31. g3 Rxf3 32. Rxc6 1-0

[Event "Millionaire Chess Op 2015"]
[Site "Las Vegas USA"]
[Date "2015.10.08"]
[Round "1.13"]
[White "Oatlhotse, Providence"]
[Black "Lenderman, Aleksandr"]
[Result "1/2-1/2"]
[WhiteTitle "IM"]
[BlackTitle "GM"]
[WhiteElo "2270"]
[BlackElo "2623"]
[WhiteFideId "11300507"]
[BlackFideId "2021285"]
[EventDate "2015.10.08"]

1. d4 Nf6 2. c4 e6 3. Nf3 d5 4. Nc3 c6 5. cxd5 exd5 6. Qc2 Be7 7. Bg5 g6 8. e3
Bf5 9. Bd3 Bxd3 10. Qxd3 Nbd7 11. O-O-O O-O 12. Kb1 Ne4 13. Bxe7 Qxe7 14. Qc2 f5
15. Ne1 f4 16. exf4 Nxc3+ 17. Qxc3 Qe4+ 18. Ka1 Rae8 19. a3 Qxf4 20. Nd3 Qg4 21.
g3 Re2 22. Qb4 b6 23. Qd6 Rf6 24. Qc7 Nf8 25. f4 Qd7 26. Qxd7 Nxd7 27. Ne5 Rd6
28. Rhe1 Rxe1 29. Rxe1 c5 30. Rc1 c4 31. b3 b5 32. Nxd7 Rxd7 33. Re1 Kf7 34. Re5
a5 35. Kb2 b4 36. bxc4 dxc4 37. Rxa5 b3 38. Re5 Rxd4 39. Kc3 Rd1 40. Re2 Ra1 41.
Kxc4 Rxa3 42. Rb2 Ke6 43. Rxb3 Rxb3 44. Kxb3 Kf5 45. Kc4 Ke4 46. Kc5 h5 47. Kd6
h4 48. Ke6 hxg3 49. hxg3 Kf3 50. Kf6 Kxg3 51. Kg5 Kf3 1/2-1/2

[Event "Millionaire Chess Op 2015"]
[Site "Las Vegas USA"]
[Date "2015.10.08"]
[Round "1.15"]
[White "Stukopin, Andrey"]
[Black "Menna Barreto, Felipe Kubiaki"]
[Result "1-0"]
[WhiteTitle "GM"]
[BlackTitle "FM"]
[WhiteElo "2572"]
[BlackElo "2275"]
[WhiteFideId "24107131"]
[BlackFideId "2119757"]
[EventDate "2015.10.08"]

1. e4 c6 2. Nf3 d5 3. Nc3 Bg4 4. h3 Bxf3 5. Qxf3 e6 6. d3 Nf6 7. Bd2 Bb4 8. e5
Nfd7 9. Qg3 Bf8 10. O-O-O c5 11. f4 Nc6 12. f5 Nd4 13. fxe6 fxe6 14. Be2 g6 15.
Rhf1 Bg7 16. Bh5 Nxe5 17. Rde1 Rf8 18. Rxf8+ Kxf8 19. Rxe5 Bxe5 20. Qxe5 Kg8 21.
Bg4 Qd7 22. Be3 Re8 23. Bxd4 cxd4 24. Ne2 h5 25. Bf3 Qg7 26. Qxd4 Qxd4 27. Nxd4
Kf7 28. Ne2 Rc8 29. Kd2 h4 30. d4 Kf6 31. Nf4 Rc7 32. Bg4 g5 33. Nxe6 Re7 34.
Nc5 b6 35. Nd7+ Kg7 36. Ne5 1-0

[Event "Millionaire Chess Op 2015"]
[Site "Las Vegas USA"]
[Date "2015.10.08"]
[Round "1.16"]
[White "Ortiz Suarez, Isan Reynaldo"]
[Black "Liu, Elliot"]
[Result "1-0"]
[WhiteTitle "GM"]
[BlackTitle "FM"]
[WhiteElo "2581"]
[BlackElo "2265"]
[WhiteFideId "3507165"]
[BlackFideId "2019850"]
[EventDate "2015.10.08"]

1. Nf3 Nf6 2. c4 g6 3. Nc3 Bg7 4. e4 d6 5. d4 O-O 6. Be2 e5 7. O-O Na6 8. Re1 c6
9. d5 Nc5 10. Bf1 a5 11. Rb1 Bd7 12. b3 cxd5 13. cxd5 b5 14. Nd2 Qb6 15. Qe2 b4
16. Na4 Nxa4 17. bxa4 Bxa4 18. a3 Rfb8 19. axb4 axb4 20. Nc4 Qc7 21. f3 Bb5 22.
Be3 Bxc4 23. Qxc4 Qxc4 24. Bxc4 Nd7 25. Rec1 Bf8 26. Bd2 Ra4 27. Rb2 Be7 28.
Rcb1 Bd8 29. Rxb4 Raxb4 30. Rxb4 Rxb4 31. Bxb4 Bb6+ 32. Kf1 Bc5 33. Bc3 Nb6 34.
Bb5 Nc8 35. Ke2 Ne7 36. Bd7 f5 37. Be6+ Kf8 38. Kd3 fxe4+ 39. fxe4 Ng8 40. Bxg8
Kxg8 41. Kc4 Bg1 42. h3 Kf7 43. Kb5 Kf6 44. Bb4 1-0

[Event "Millionaire Chess Op 2015"]
[Site "Las Vegas USA"]
[Date "2015.10.08"]
[Round "1.17"]
[White "Dominguez, Jose Manuel"]
[Black "Macieja, Bartlomiej"]
[Result "0-1"]
[WhiteTitle "IM"]
[BlackTitle "GM"]
[WhiteElo "2261"]
[BlackElo "2579"]
[WhiteFideId "6400124"]
[BlackFideId "1104306"]
[EventDate "2015.10.08"]

1. d4 Nf6 2. Nf3 e6 3. Bf4 b6 4. e3 Bb7 5. Nbd2 Nh5 6. Bg3 Nxg3 7. hxg3 g6 8.
Bd3 Bg7 9. Qe2 d6 10. O-O-O a6 11. Kb1 c5 12. dxc5 bxc5 13. Rh4 Nd7 14. Nc4 Qc7
15. Bxg6 hxg6 16. Nxd6+ Ke7 17. Rf4 Raf8 18. Ng5 Bf6 19. Qc4 0-1

[Event "Millionaire Chess Op 2015"]
[Site "Las Vegas USA"]
[Date "2015.10.08"]
[Round "1.19"]
[White "Estay Torreblanca, Oscar"]
[Black "Indjic, Aleksandar"]
[Result "1/2-1/2"]
[BlackTitle "GM"]
[WhiteElo "2245"]
[BlackElo "2569"]
[WhiteFideId "3404250"]
[BlackFideId "911925"]
[EventDate "2015.10.08"]

1. Nf3 Nf6 2. g3 b6 3. Bg2 Bb7 4. c4 c5 5. O-O g6 6. b3 Bg7 7. Bb2 O-O 8. e3 d6
9. d4 Nbd7 10. Qe2 e6 11. Nc3 a6 12. Rfd1 Qc7 13. Rd2 d5 14. cxd5 exd5 15. Rc1
c4 16. a4 Rfe8 17. Qd1 Rac8 18. Ba3 Qb8 19. Rb2 h5 20. Nd2 Bh6 21. bxc4 dxc4 22.
Rcb1 h4 23. Rxb6 Nxb6 24. Rxb6 Bf3 25. Rxb8 Bxd1 26. Rb6 Ng4 27. Ndb1 Bc2 28. h3
Nxe3 29. fxe3 Rxe3 30. Bc1 Rxc3 31. Bxh6 Bxa4 32. Rxa6 Be8 33. gxh4 1/2-1/2

[Event "Millionaire Chess Op 2015"]
[Site "Las Vegas USA"]
[Date "2015.10.08"]
[Round "1.20"]
[White "Sevian, Samuel"]
[Black "Balogun, Oluwafemi"]
[Result "1-0"]
[WhiteTitle "GM"]
[BlackTitle "CM"]
[WhiteElo "2556"]
[BlackElo "2228"]
[WhiteFideId "2040506"]
[BlackFideId "8501246"]
[EventDate "2015.10.08"]

1. e4 d6 2. d4 Nf6 3. Nc3 g6 4. Be3 a6 5. h3 Nbd7 6. Nf3 e5 7. a4 Bg7 8. Bc4 O-O
9. O-O b6 10. dxe5 Nxe5 11. Nxe5 dxe5 12. Qf3 Bb7 13. Rad1 Qe7 14. Bg5 h6 15.
Bxf6 Bxf6 16. Qg4 Kg7 17. Rd7 h5 18. Rxe7 hxg4 19. Rxc7 Rab8 20. hxg4 Bd8 21.
Rd7 Bc8 22. Rd3 Be7 23. Nd5 Bc5 24. b4 Bd6 25. c3 b5 26. axb5 axb5 27. Bb3 Be6
28. g5 Rfc8 29. g3 Bxd5 30. Bxd5 Be7 31. f4 Rc7 32. Rdf3 exf4 33. Rxf4 Bxg5 34.
Rxf7+ Rxf7 35. Rxf7+ Kh6 36. Rc7 Rf8 37. Kg2 Be3 38. Bf7 Bd2 39. e5 Bxc3 40.
Rxc3 Rxf7 41. Rc5 Rb7 42. Kf3 Kg5 43. Ke4 Rb8 44. Kd5 Rd8+ 45. Ke6 Rd3 46. Ke7
Rxg3 47. e6+ Kh6 48. Ke8 Kg7 49. Rc7+ Kf6 50. e7 1-0

[Event "Millionaire Chess Op 2015"]
[Site "Las Vegas USA"]
[Date "2015.10.08"]
[Round "1.21"]
[White "Sanchez Saez, Francisco"]
[Black "Xiong, Jeffery"]
[Result "1/2-1/2"]
[WhiteTitle "FM"]
[BlackTitle "GM"]
[WhiteElo "2223"]
[BlackElo "2537"]
[WhiteFideId "2231743"]
[BlackFideId "2047640"]
[EventDate "2015.10.08"]

1. e4 c5 2. d4 cxd4 3. c3 Nf6 4. e5 Nd5 5. Nf3 e6 6. cxd4 b6 7. Nc3 Nxc3 8. bxc3
Bb7 9. Bd3 d6 10. O-O Nd7 11. Ng5 g6 12. Qg4 Qc7 13. Qf4 O-O-O 14. Nxf7 dxe5 15.
Qg4 Bg7 16. Nxh8 Bxh8 17. Qxe6 Kb8 18. Ba3 Ka8 19. Rac1 Nf6 20. dxe5 Nh5 21. Bd6
Qc6 22. f3 Nf4 23. Qe7 Qc8 24. Rfd1 Nxg2 25. Be4 Bxe4 26. fxe4 Nf4 27. Kh1 Re8
28. Qc7 Qxc7 29. Bxc7 Bxe5 30. Bxe5 Rxe5 31. Rd8+ Kb7 32. Re1 Kc6 33. Rh8 h5 34.
h4 g5 35. Rh6+ Kc5 36. hxg5 Rxg5 37. e5 Nd3 38. Re2 Nxe5 39. Rh2 Nd3 40. R2xh5
Rxh5+ 41. Rxh5+ Kc4 42. Rh7 Kxc3 43. Rxa7 b5 44. Kg2 Kb2 45. Rb7 Kxa2 46. Rxb5
Nb2 47. Kf3 Kb1 48. Ke2 Kc2 49. Rc5+ Kb3 50. Rc8 Kb4 51. Kd2 Na4 52. Kd3 Nc5+
53. Kd4 Nb3+ 54. Kd5 Nd2 55. Rc2 Nb3 56. Rc4+ Kb5 57. Rc8 Kb4 58. Rc7 Nd2 59.
Rc8 Nb3 60. Rc2 Kb5 1/2-1/2

[Event "Millionaire Chess Op 2015"]
[Site "Las Vegas USA"]
[Date "2015.10.08"]
[Round "1.22"]
[White "Sinanan, Joshua C"]
[Black "Hernandez Carmenate, Holden"]
[Result "0-1"]
[BlackTitle "GM"]
[WhiteElo "2221"]
[BlackElo "2524"]
[WhiteFideId "2027593"]
[BlackFideId "3504387"]
[EventDate "2015.10.08"]

1. d4 Nf6 2. c4 e6 3. g3 Bb4+ 4. Bd2 a5 5. Bg2 O-O 6. Nf3 d5 7. O-O dxc4 8. Bg5
b5 9. Ne5 Ra6 10. a4 c6 11. Nc3 h6 12. Bxf6 gxf6 13. Nf3 Rb6 14. e3 Nd7 15. Ne2
Ba6 16. Qc2 bxa4 17. Rfc1 c5 18. Nd2 cxd4 19. exd4 Rb8 20. Nf1 Nb6 21. Ne3 f5
22. Rd1 Qf6 23. d5 Rbd8 24. Nf4 Rd6 25. dxe6 fxe6 26. Rxd6 Bxd6 27. Nh5 Qf7 28.
Bf3 Be5 29. Rd1 Bb7 30. Bxb7 Qxb7 31. Qe2 Qc7 32. Ng2 Nd5 33. f4 Qb6+ 34. Kh1
Bxb2 35. Qxc4 Qb3 36. Qf1 a3 37. Rd3 Qxd3 0-1

[Event "Millionaire Chess Op 2015"]
[Site "Las Vegas USA"]
[Date "2015.10.08"]
[Round "1.24"]
[White "Belakovskaia, Anjelina"]
[Black "Holt, Conrad"]
[Result "0-1"]
[WhiteTitle "WGM"]
[BlackTitle "GM"]
[WhiteElo "2216"]
[BlackElo "2522"]
[WhiteFideId "2008599"]
[BlackFideId "2034387"]
[EventDate "2015.10.08"]

1. c4 c6 2. Nc3 d5 3. cxd5 cxd5 4. d4 Nc6 5. Nf3 Nf6 6. e3 g6 7. Be2 Bg7 8. O-O
O-O 9. b3 Bf5 10. Bb2 Rc8 11. Nh4 Bd7 12. Nf3 Bf5 13. Nh4 Be6 14. Nf3 Ne4 15.
Rc1 Qa5 16. Nxe4 dxe4 17. Nd2 Bd5 18. Rc5 Qd8 19. Qb1 b6 20. Rcc1 f5 21. Ba3 Qd7
22. Ba6 Rc7 23. Qc2 Rf7 24. b4 e5 25. dxe5 Nxe5 26. Qxc7 Qxc7 27. Rxc7 Rxc7 28.
Rc1 Rxc1+ 29. Bxc1 Bxa2 30. f4 Nd3 31. Ba3 Bc3 32. Bc4+ Bxc4 33. Nxc4 Bxb4 34.
Bxb4 Nxb4 35. Kf2 Kf7 36. Ke2 Ke6 37. Kd2 Nc6 0-1

[Event "Millionaire Chess Op 2015"]
[Site "Las Vegas USA"]
[Date "2015.10.08"]
[Round "1.25"]
[White "Popilski, Gil"]
[Black "Kryvoruchko, Vita"]
[Result "1-0"]
[WhiteTitle "GM"]
[BlackTitle "WGM"]
[WhiteElo "2529"]
[BlackElo "2222"]
[WhiteFideId "2809060"]
[BlackFideId "14108917"]
[EventDate "2015.10.08"]

1. d4 Nf6 2. c4 e6 3. Nf3 d5 4. e3 Be7 5. b3 O-O 6. Bd3 Nbd7 7. O-O b6 8. cxd5
exd5 9. Bb2 Bb7 10. Nc3 c5 11. Qe2 Rc8 12. Rfd1 Qc7 13. Rac1 Qb8 14. Bf5 Rcd8
15. Ne5 cxd4 16. Nxd7 Nxd7 17. Rxd4 g6 18. Bxd7 Rxd7 19. Rd2 Bf6 20. Qg4 Rfd8
21. Nb5 Bxb2 22. Rxb2 h5 23. Qg5 Rc8 24. Rbc2 Rxc2 25. Rxc2 d4 26. Nxd4 Qe8 27.
Qf4 Re7 28. Rc3 Kg7 29. f3 h4 30. Qxh4 Re5 31. Qf2 Qd7 32. Qd2 Rh5 33. e4 Qe7
34. Ne2 Qh4 35. h3 Rg5 36. Nf4 Rg3 37. Rc7 g5 38. Ne6+ Kg6 39. Qd8 fxe6 40. Qg8+
Kf6 41. Qg7# 1-0

[Event "Millionaire Chess Op 2015"]
[Site "Las Vegas USA"]
[Date "2015.10.08"]
[Round "1.26"]
[White "Colas, Joshua"]
[Black "Chirila, Ioan-Cristian"]
[Result "0-1"]
[WhiteTitle "FM"]
[BlackTitle "GM"]
[WhiteElo "2221"]
[BlackElo "2529"]
[WhiteFideId "2044447"]
[BlackFideId "1211668"]
[EventDate "2015.10.08"]

1. d4 Nf6 2. Nf3 g6 3. c4 Bg7 4. g3 O-O 5. Bg2 d5 6. cxd5 Nxd5 7. O-O Nb6 8. Nc3
Nc6 9. e3 Re8 10. b3 e5 11. Nxe5 Nxe5 12. dxe5 Bxe5 13. Bb2 Qe7 14. Qe2 c6 15.
Rfd1 Be6 16. Rd2 a5 17. Rad1 Bg7 18. Qf3 a4 19. Nxa4 Nxa4 20. bxa4 Rxa4 21. Bxg7
Kxg7 22. Qe2 Rea8 23. Ra1 Qf6 24. Rb2 Rb4 25. Rxb4 Qxa1+ 26. Qf1 Rxa2 27. Rb1
Qc3 28. h4 Bc4 29. Qd1 Bd3 30. Rc1 Qf6 31. Qe1 Kg8 32. Bf1 Bxf1 33. Qxf1 b5 34.
Qg2 Ra1 35. Rxa1 Qxa1+ 36. Kh2 Qf6 37. f4 b4 38. Qd2 c5 39. Qd5 Qb6 40. h5 gxh5
41. f5 b3 42. Qe5 h6 43. f6 Qe6 44. Qb8+ Kh7 45. e4 c4 46. e5 Kg6 0-1